The contested world economy: (Record no. 761064)

MARC details
000 -LEADER
fixed length control field 00419nam a22001337a 4500
020 ## - INTERNATIONAL STANDARD BOOK NUMBER
ISBN 9781009337502
082 ## - DEWEY DECIMAL CLASSIFICATION NUMBER
Classification number 337 HEL/C
100 ## - MAIN ENTRY--AUTHOR NAME
Relator term Helleiner, Eric
245 ## - TITLE STATEMENT
Title The contested world economy:
Sub Title the deep and global roots of international political economy/
Statement of responsibility, etc by Eric Helleiner
260 ## - PUBLICATION, DISTRIBUTION, ETC. (IMPRINT)
Place of publication . - U K
Name of publisher : Cambridge University press
Year of publication ,2023
300 ## - PHYSICAL DESCRIPTION
Number of Pages xii+306 pages
942 ## - ADDED ENTRY ELEMENTS (KOHA)
Source of classification or shelving scheme Dewey Decimal Classification
Koha item type Book
Holdings
Withdrawn status Lost status Source of classification or shelving scheme Damaged status Not for loan Home Library Current Location Shelving location Date acquired Full call number Accession Number Price effective from Koha item type
    Dewey Decimal Classification     Dept. of Political Science Dept. of Political Science General Stacks 03/02/2026 337 HEL/C POL23898 25/06/2026 Book